| 000 | 01120 a2200241 4500 | ||
|---|---|---|---|
| 005 | 20080827120627.0 | ||
| 008 | 080827t xxu||||| |||| 00| 0 hin d | ||
| 010 | _aHIN-83257 | ||
| 020 |
_a8190411411 _c120.00 |
||
| 035 | _aHN-55603 | ||
| 037 | _bपु.प्र.अ.प्र/प्रका | ||
| 082 | _a821 | ||
| 100 | _aसुरेश चन्द्र निशिकर | ||
| 245 |
_aरत्नावली / _cसुरेश चन्द्र निशिकर |
||
| 246 |
_aRatnavali _bby Suresh Chandra Nishikar |
||
| 260 |
_aबुलन्दशहर _bसरस्वती कुटीर प्रकाशन _c2006 |
||
| 270 |
_aआनन्द विहार _bबुलन्दशहर _e203001 |
||
| 300 |
_a104पृ _c22 सेमी (सजिल्द) |
||
| 650 | _aहिन्दी कविताएँ | ||
| 650 | _aHindi Poems | ||
| 942 |
_adpl _cHN _k821 /सुरेश _2ddc _h821 _mसुरेश |
||
| 999 |
_c11991 _d11991 |
||